Ekstraklasa 25/26 - Statystyki

Ogólne statystyki
  • Ten quiz został rozwiązany 27 razy
  • Średni wynik to 15 z 18
Statystyki odpowiedzi
Odpowiedź % Poprawnych
Arka Gdynia
95%
Jagiellonia Białystok
95%
GKS Katowice
91%
Lech Poznań
91%
Legia Warszawa
91%
Lechia Gdańsk
86%
Piast Gliwice
86%
Wisła Płock
86%
Zagłębie Lubin
86%
Górnik Zabrze
82%
Pogoń Szczecin
82%
Raków Częstochowa
82%
Widzew Łódź
82%
Cracovia
77%
Korona Kielce
73%
Motor Lublin
73%
Bruk-Bet Termalica Nieciecza
68%
Radomiak Radom
68%
Nie znaleziono quizów pasujących do podanych kryteriów
Rozkład punktacji
Procent ludzi z każdym wynikiem
Percentyl według liczby udzielonych odpowiedzi
Twoja historia wyników
Nie rozwiązałeś tego quizu